00461nam a2200169Ia 4500003000400000008004100004040001600045082002200061100002600083245006800109300001100177490001600188650001700204650001700221650002100238650003200259GCL140319s9999 xx 000 0 ara d aGCL / cGCL04aقb301.42bر ا1 aرسول الزواج10aاحاديث الزواج فى مصر / cرسول الزواج a216 ص aكتابv004aالاسرة04aالزواج04aالاجتماع04aالحقوق الزوجية